000
00411nam a2200181Ia 4500
008
090124s9999 xx 000 0 und d
082
_b
132798
100
_a
बगे आशा
245
_a
भूमी
250
_a
1
260
_c
2004
300
_a
262
600
_a
बगे आशा
630
_a
भूमी
700
_a
बगे आशा
730
_a
भूमी
942
_c
BOOK
999
_c
178945
_d
178945